02077cam a22003974i 4500003000900000005001700009008004100026020001500067020001800082035002000100040003300120082002100153100003000174245008700204264007700291300004400368336002100412337002500433338002300458504004100481504003400522505098400556526001001540526001001550526001001560526001001570526000801580526000801588526000801596526000801604526000801612526000801620526000801628650002201636650002101658PE-LiUPU20250731172905.0170124s2016 miu rb 001 0 eng d a0802874398 a9780802874399 a(Sirsi) a166454 aPE-LiUPUbspacPE-LiUPUerda04a220.601bK342231 aKeener, Craig S.,eautor.10aSpirit hermeneutics :breading scripture in light of Pentecost /cCraig S. Keener. 1aGrand Rapids, Michigan :bWilliam B. Eerdmans Publishing Company,c2016. axxviii, 522 páginas ;c23 centimetros atext2rdacontent aunmediated2rdamedia avolume2rdacarrier aBibliografía : páginas 389-457 . aÍndices: páginas 494-522.0 aA theological reading toward praxis and mission -- Reading experientially -- Reading from the vantage of Pentecost -- Global readings -- Global reading : the Biblical model of Pentecost -- Global reading : contextualization and scripture -- Needing other cultures' input -- Some valuable majority world insights -- Connection with the designed sense -- The measuring stick -- Do ancient meanings matter? -- Room left for authors? -- Both-and -- Epistemology and the spirit -- An epistemology of word and spirit -- Biblical epistemology and hermeneutics -- Reading the Bible as truth -- Intrabiblical models for reading scripture -- How Jesus invites us to hear the Bible -- Reading the Torah as the law of faith -- Christological reading or personal application? -- Whose charismatic interpretation? -- Naive "Pentecostal" readings vs. biblically sensitive Pentecostal readings -- Global pentecostal community as a safety net? -- Scripture speaking personally - and historically. aSEG42 aSEG41 aSEG40 aSEG39 aP94 aP87 aP86 aP85 aP77 aP76 aP3500aEspíritu Santo.00aPentecostalismo.